• 首页
  • 本馆介绍
  • 公告通知
  • 最新文献
  • 馆藏检索
  • 电子资源
  • 读者导购
  • 参考咨询
  • 我的图书馆
  • 登录
  • 详细信息显示
  • 放入我的书架
  • 预约/预借图书
  • 作者相关作品
  • 分类相关作品
  • 丛书相关作品
  • 出版社相关作品

书目信息

  • 表格格式
  • 工作单格式
  • 卡片格式
题名:
农田水利工程测量
    
 
作者: ;武汉水利电力学院测量教研室 编
分册:  
出版信息: 北京   测绘出版社  1977
页数: 168页
开本: 26cm
丛书名:
单 册:
中图分类: P21
科图分类:
主题词: 农田水利-工程测量 , 普通测量学 , 地形测量学 , 工程测量-农田水利
电子资源:
ISBN:
000 00808nam0 2200253 45
001 0177002560
005 20060427105551.82
010    @dCNY1.00
100    @a19951025d1977 em y0chiy0121 ea
101 0  @achi
102    @aCN@b110000
105    @ay z 000yy
200 10 @a农田水利工程测量@Anong tian shui li gong cheng ce liang@f武汉水利电力学院测量教研室编@Fwu han shui li dian li xue yuan ce liang jiao yan shi bian
210    @a北京@c测绘出版社@d1977
215    @a168页@d26cm
606    @a农田水利-工程测量
606 0  @a普通测量学
606 0  @a地形测量学
606    @a工程测量-农田水利
690    @aP21@v4
711 02 @a武汉水利电力学院测量教研室@Awu han shui li dian li xue yuan ce liang jiao yan shi@4编
801  0 @aCN@bTSSF@c20060427
801  2 @aCN@bNLC@c20060411
905    @a10447@dP21@e1
    
    农田水利工程测量/武汉水利电力学院测量教研室编.-北京:测绘出版社,1977
    168页;26cm
    
    
    ISBN :CNY1.00
    
●
相关链接 在E读中查询图书 在五车中查询图书 在当当中查询图书 在豆瓣中查询图书


正题名:农田水利工程测量     索取号:P21/1         预约/预借

序号 登录号 条形码 馆藏地/架位号 状态 备注
1 0001739   202255166   密集书库/ [索取号:P21/1] 在馆    
2 0001740   202255200   密集书库/ [索取号:P21/1] 在馆    
3 0001741   202296354   密集书库/ [索取号:P21/1] 在馆    
4 0001742   202254979   密集书库/ [索取号:P21/1] 在馆    
5 0001743   202296390   密集书库/ [索取号:P21/1] 在馆    
6 0001744   202296425   密集书库/ [索取号:P21/1] 在馆    
7 0001745   202296434   密集书库/ [索取号:P21/1] 在馆    
8 0001746   202296461   密集书库/ [索取号:P21/1] 在馆    
9 0001748   202296470   密集书库/ [索取号:P21/1] 在馆    
10 0001751   202296381   密集书库/ [索取号:P21/1] 在馆    
11 0001755   202296504   密集书库/ [索取号:P21/1] 在馆    
12 0001756   202296513   密集书库/ [索取号:P21/1] 在馆    
唐山师范学院图书馆 欢迎您!
大连网信软件有限公司© 版权所有